Visualizzazione normale
Vista MARC
- Waks Nathan
di Personal Name
Records bibliografici associati: 1
001 - CONTROL NUMBER
- control field: 50139
003 - CONTROL NUMBER IDENTIFIER
- control field: IT-RoPau
005 - DATE AND TIME OF LATEST TRANSACTION
- control field: 20151202105219.0
008 - FIXED-LENGTH DATA ELEMENTS
- fixed length control field: 151202|| aca||aabn | a|a d
040 ## - CATALOGING SOURCE
- Original cataloging agency: IT-RoPau
- Transcribing agency: IT-RoPau
100 ## - HEADING--PERSONAL NAME
- Personal name: Waks Nathan
- Relator term: (musica)
- Miscellaneous information: Codice Musica SPICS: 38699
670 ## - SOURCE DATA FOUND
- Source citation: Work cat.: (IT-RoPau)107048: Armstrong Gill Codice regista SPICS: 38697 50134, MIA BRILLANTE CARRIERA (LA) MIA BRILLANTE CARRIERA (LA) (Rif. Codice opera principale : V0860)